| 000 | 00692nam a2200289Ia 4500 | ||
|---|---|---|---|
| 005 | 20260121124556.0 | ||
| 008 | 008 260114s9999 xx 000 0 eng d | ||
| 020 | _a9780674919860 | ||
| 037 | _aEBOOK | ||
| 040 | _aCRL | ||
| 040 | _beng | ||
| 040 | _cCRL | ||
| 041 | _2eng | ||
| 041 | _aeng | ||
| 084 | _qCRL | ||
| 100 |
_aShelby, Tommie _9978327 |
||
| 245 | 0 | _aTo Shape a New World | |
| 260 | _bWalter de Gruyter | ||
| 260 | _bWalter de Gruyter | ||
| 260 | _c2018 | ||
| 650 |
_aPhilosophy _9978328 |
||
| 700 |
_a Terry, Brandon M. _9978329 |
||
| 856 | _uhttp://www.degruyter.com/isbn/9780674919860 | ||
| 942 | _cEBOOK | ||
| 999 |
_c1555620 _d1555620 |
||